[Event "DVM U14 2022"]
[Site "Kelheim GER"]
[Date "2022.12.29"]
[Round "6"]
[White "Fruth, David"]
[Black "Semling, Julius"]
[Result "0-1"]
[Termination "normal"]
[Board "2.1"]
[WhiteElo "1976"]
[BlackElo "1915"]
[WhiteClock "00:09:35"]
[BlackClock "00:04:22"]
[WhiteTeam "USV TU Dresden"]
[BlackTeam "OSG Baden-Baden"]
[PlyCount "74"]
[WhiteFideId "16257596"]
[BlackFideId "16290160"]
[EventCountry "GER"]
[EventRounds "7"]
[EventType "team-swiss"]
[EventDate "2022.12.26"]

1. e4 {[%clk 01:30:40]} {[%emt 00:00:18]} c5 {[%clk 01:30:57]} {[%emt
00:00:04]} 2. Nf3 {[%clk 01:30:59]} {[%emt 00:00:10]} d6 {[%clk 01:31:22]}
{[%emt 00:00:05]} 3. d4 {[%clk 01:31:23]} {[%emt 00:00:06]} cxd4 {[%clk
01:31:47]} {[%emt 00:00:05]} 4. Nxd4 {[%clk 01:31:52]} {[%emt 00:00:01]} Nf6
{[%clk 01:32:06]} {[%emt 00:00:13]} 5. Nc3 {[%clk 01:32:20]} a6 {[%clk
01:32:25]} {[%emt 00:00:11]} 6. Bc4 {[%clk 01:32:24]} {[%emt 00:00:25]} e6
{[%clk 01:32:21]} {[%emt 00:00:34]} 7. Bg5 {[%clk 01:32:46]} {[%emt 00:00:08]}
b5 {[%clk 01:31:05]} {[%emt 00:01:47]} 8. Bb3 {[%clk 01:33:06]} {[%emt
00:00:09]} Be7 {[%clk 01:30:59]} {[%emt 00:00:36]} 9. Qf3 {[%clk 01:33:11]}
{[%emt 00:00:26]} Qb6 {[%clk 01:29:15]} {[%emt 00:02:13]} 10. O-O-O {[%clk
01:33:18]} {[%emt 00:00:23]} O-O {[%clk 01:22:05]} {[%emt 00:07:40]} 11. h4
{[%clk 01:24:21]} {[%emt 00:09:27]} Bb7 {[%clk 01:19:41]} {[%emt 00:02:54]} 12.
a3 {[%clk 01:20:19]} {[%emt 00:04:32]} Nbd7 {[%clk 01:16:14]} {[%emt 00:03:58]}
13. h5 {[%clk 01:12:35]} {[%emt 00:08:14]} Rac8 {[%clk 01:09:39]} {[%emt
00:07:04]} 14. Bxf6 {[%clk 01:08:08]} {[%emt 00:04:57]} Bxf6 {[%clk 01:08:04]}
{[%emt 00:02:05]} 15. Nde2 {[%clk 01:01:49]} {[%emt 00:06:49]} Nc5 {[%clk
01:05:09]} {[%emt 00:03:24]} 16. Kb1 {[%clk 01:01:43]} {[%emt 00:00:37]} b4
{[%clk 00:49:48]} {[%emt 00:15:51]} 17. axb4 {[%clk 01:01:05]} {[%emt
00:01:08]} Qxb4 {[%clk 00:47:01]} {[%emt 00:03:16]} 18. h6 {[%clk 00:57:50]}
{[%emt 00:03:46]} Nxe4 {[%clk 00:39:52]} {[%emt 00:07:39]} 19. hxg7 {[%clk
00:46:33]} {[%emt 00:11:47]} Bxg7 {[%clk 00:31:42]} {[%emt 00:08:39]} 20. Qh5
{[%clk 00:31:05]} {[%emt 00:15:57]} h6 {[%clk 00:28:38]} {[%emt 00:03:36]} 21.
Rh4 {[%clk 00:29:49]} {[%emt 00:01:46]} Rc5 {[%clk 00:24:00]} {[%emt 00:05:07]}
22. Qg4 {[%clk 00:27:06]} {[%emt 00:03:14]} Rg5 {[%clk 00:15:32]} {[%emt
00:08:57]} 23. Qf4 {[%clk 00:26:53]} {[%emt 00:00:43]} Be5 {[%clk 00:10:28]}
{[%emt 00:05:34]} 24. Qxe4 {[%clk 00:19:54]} {[%emt 00:07:29]} Bxe4 {[%clk
00:10:27]} {[%emt 00:00:31]} 25. Rxe4 {[%clk 00:18:35]} {[%emt 00:01:48]} Qb7
{[%clk 00:09:47]} {[%emt 00:01:10]} 26. g3 {[%clk 00:17:53]} {[%emt 00:01:13]}
Bxc3 {[%clk 00:09:09]} {[%emt 00:01:08]} 27. Nxc3 {[%clk 00:18:05]} {[%emt
00:00:18]} d5 {[%clk 00:09:08]} {[%emt 00:00:31]} 28. Rh4 {[%clk 00:18:12]}
{[%emt 00:00:23]} Kg7 {[%clk 00:09:00]} {[%emt 00:00:38]} 29. Ne2 {[%clk
00:17:13]} {[%emt 00:01:29]} Rf5 {[%clk 00:06:32]} {[%emt 00:02:57]} 30. f4
{[%clk 00:16:54]} {[%emt 00:00:50]} Rd8 {[%clk 00:06:19]} {[%emt 00:00:42]} 31.
Rdh1 {[%clk 00:16:36]} {[%emt 00:00:49]} d4 {[%clk 00:04:57]} {[%emt 00:01:53]}
32. Nc1 {[%clk 00:12:50]} {[%emt 00:04:15]} d3 {[%clk 00:03:49]} {[%emt
00:01:39]} 33. cxd3 {[%clk 00:12:53]} {[%emt 00:00:26]} Rb5 {[%clk 00:03:59]}
{[%emt 00:00:19]} 34. Rxh6 {[%clk 00:10:35]} {[%emt 00:02:48]} Rxb3 {[%clk
00:04:16]} {[%emt 00:00:13]} 35. Rh7 {[%clk 00:11:03]} {[%emt 00:00:02]} Kf6
{[%clk 00:03:55]} {[%emt 00:00:51]} 36. R1h6 {[%clk 00:09:18]} {[%emt
00:02:16]} Ke7 {[%clk 00:03:59]} {[%emt 00:00:26]} 37. Nxb3 {[%clk 00:09:35]}
{[%emt 00:00:13]} Qxb3 {[%clk 00:04:22]} {[%emt 00:00:07]} 0-1

[Event "DVM U14 2022"]
[Site "Kelheim GER"]
[Date "2022.12.29"]
[Round "6"]
[White "Semling, Johannes"]
[Black "Espig, Nils"]
[Result "1/2-1/2"]
[Termination "normal"]
[Board "2.2"]
[WhiteElo "1794"]
[BlackElo "1608"]
[WhiteClock "00:11:07"]
[BlackClock "00:17:26"]
[WhiteTeam "OSG Baden-Baden"]
[BlackTeam "USV TU Dresden"]
[PlyCount "109"]
[WhiteFideId "16290151"]
[BlackFideId "16236980"]
[EventCountry "GER"]
[EventRounds "7"]
[EventType "team-swiss"]
[EventDate "2022.12.26"]

1. e4 {[%clk 01:30:52]} {[%emt 00:00:05]} c5 {[%clk 01:30:51]} {[%emt
00:00:10]} 2. Nf3 {[%clk 01:31:12]} {[%emt 00:00:09]} g6 {[%clk 01:31:09]}
{[%emt 00:00:13]} 3. d4 {[%clk 01:30:46]} {[%emt 00:00:55]} cxd4 {[%clk
01:31:28]} {[%emt 00:00:11]} 4. Nxd4 {[%clk 01:31:11]} {[%emt 00:00:05]} Nc6
{[%clk 01:31:22]} {[%emt 00:00:35]} 5. c4 {[%clk 01:31:02]} {[%emt 00:00:39]}
Nf6 {[%clk 01:31:29]} {[%emt 00:00:24]} 6. Nc3 {[%clk 01:31:06]} {[%emt
00:00:24]} d6 {[%clk 01:31:40]} {[%emt 00:00:20]} 7. Be2 {[%clk 01:30:43]}
{[%emt 00:00:54]} Nxd4 {[%clk 01:31:41]} {[%emt 00:00:29]} 8. Qxd4 {[%clk
01:31:02]} {[%emt 00:00:10]} Bg7 {[%clk 01:31:57]} {[%emt 00:00:14]} 9. O-O
{[%clk 01:30:41]} {[%emt 00:00:51]} O-O {[%clk 01:31:54]} {[%emt 00:00:34]} 10.
f4 {[%clk 01:23:48]} {[%emt 00:07:22]} Be6 {[%clk 01:23:20]} {[%emt 00:09:04]}
11. Qd3 {[%clk 01:19:44]} {[%emt 00:04:33]} Rc8 {[%clk 01:22:51]} {[%emt
00:01:00]} 12. Nd5 {[%clk 01:19:20]} {[%emt 00:00:53]} Nxd5 {[%clk 01:18:51]}
{[%emt 00:04:32]} 13. cxd5 {[%clk 01:11:37]} {[%emt 00:08:14]} Bd7 {[%clk
01:19:07]} {[%emt 00:00:12]} 14. Be3 {[%clk 01:07:51]} {[%emt 00:04:16]} a6
{[%clk 01:17:27]} {[%emt 00:02:10]} 15. Qd2 {[%clk 01:04:30]} {[%emt 00:03:49]}
f5 {[%clk 01:09:18]} {[%emt 00:08:41]} 16. exf5 {[%clk 01:01:18]} {[%emt
00:03:42]} Bxf5 {[%clk 01:09:18]} {[%emt 00:00:30]} 17. Rac1 {[%clk 01:00:09]}
{[%emt 00:01:39]} Qd7 {[%clk 01:03:24]} {[%emt 00:06:24]} 18. Bd4 {[%clk
00:57:19]} {[%emt 00:03:18]} b5 {[%clk 00:52:47]} {[%emt 00:11:09]} 19. Bxg7
{[%clk 00:54:51]} {[%emt 00:02:59]} Kxg7 {[%clk 00:52:54]} {[%emt 00:00:22]}
20. b4 {[%clk 00:54:18]} {[%emt 00:01:02]} Bg4 {[%clk 00:50:17]} {[%emt
00:03:08]} 21. g3 {[%clk 00:48:13]} {[%emt 00:06:34]} Qa7 {[%clk 00:41:59]}
{[%emt 00:08:49]} 22. Kg2 {[%clk 00:47:21]} {[%emt 00:01:18]} Bxe2 {[%clk
00:40:39]} {[%emt 00:01:53]} 23. Qxe2 {[%clk 00:47:48]} {[%emt 00:00:04]} Rxc1
{[%clk 00:36:17]} {[%emt 00:04:52]} 24. Rxc1 {[%clk 00:47:45]} {[%emt
00:00:33]} Qd7 {[%clk 00:36:15]} {[%emt 00:00:32]} 25. Re1 {[%clk 00:46:01]}
{[%emt 00:02:13]} Re8 {[%clk 00:36:03]} {[%emt 00:00:44]} 26. Qe4 {[%clk
00:45:47]} {[%emt 00:00:38]} Qc8 {[%clk 00:32:58]} {[%emt 00:03:39]} 27. Re2
{[%clk 00:43:43]} {[%emt 00:02:29]} Qd7 {[%clk 00:30:38]} {[%emt 00:02:56]} 28.
h3 {[%clk 00:42:30]} {[%emt 00:01:40]} Qf5 {[%clk 00:29:49]} {[%emt 00:01:23]}
29. Qxf5 {[%clk 00:37:25]} {[%emt 00:05:34]} gxf5 {[%clk 00:30:17]} {[%emt
00:00:02]} 30. Kf3 {[%clk 00:37:02]} {[%emt 00:00:53]} Kf7 {[%clk 00:30:18]}
{[%emt 00:00:29]} 31. Rc2 {[%clk 00:37:16]} {[%emt 00:00:14]} Ra8 {[%clk
00:30:03]} {[%emt 00:00:47]} 32. a3 {[%clk 00:31:34]} {[%emt 00:06:12]} a5
{[%clk 00:29:56]} {[%emt 00:00:37]} 33. Rc3 {[%clk 00:30:59]} {[%emt 00:01:03]}
axb4 {[%clk 00:29:59]} {[%emt 00:00:29]} 34. axb4 {[%clk 00:31:23]} {[%emt
00:00:05]} Ra4 {[%clk 00:30:06]} {[%emt 00:00:23]} 35. Rb3 {[%clk 00:31:43]}
{[%emt 00:00:09]} Ra2 {[%clk 00:29:36]} {[%emt 00:01:01]} 36. Rd3 {[%clk
00:28:31]} {[%emt 00:03:43]} Rb2 {[%clk 00:27:06]} {[%emt 00:02:59]} 37. Rd4
{[%clk 00:28:55]} {[%emt 00:00:07]} h5 {[%clk 00:26:49]} {[%emt 00:00:48]} 38.
Ke3 {[%clk 00:18:27]} {[%emt 00:10:58]} Rb3 {[%clk 00:26:05]} {[%emt 00:01:13]}
39. Kf2 {[%clk 00:18:46]} {[%emt 00:00:11]} Ke8 {[%clk 00:25:07]} {[%emt
00:01:28]} 40. Kg2 {[%clk 00:17:35]} {[%emt 00:01:41]} Kd7 {[%clk 00:25:19]}
{[%emt 00:00:18]} 41. Kf2 {[%clk 00:17:13]} {[%emt 00:00:51]} Kc7 {[%clk
00:24:02]} {[%emt 00:01:48]} 42. Kg2 {[%clk 00:17:05]} {[%emt 00:00:37]} Kb6
{[%clk 00:23:08]} {[%emt 00:01:25]} 43. Kf2 {[%clk 00:16:54]} {[%emt 00:00:40]}
Rc3 {[%clk 00:22:52]} {[%emt 00:00:47]} 44. Rd2 {[%clk 00:14:51]} {[%emt
00:02:33]} Rc4 {[%clk 00:19:27]} {[%emt 00:03:54]} 45. Re2 {[%clk 00:12:04]}
{[%emt 00:03:17]} Rxb4 {[%clk 00:19:44]} {[%emt 00:00:13]} 46. Rxe7 {[%clk
00:12:29]} {[%emt 00:00:05]} Rd4 {[%clk 00:20:03]} {[%emt 00:00:12]} 47. Rh7
{[%clk 00:12:13]} {[%emt 00:00:45]} Rxd5 {[%clk 00:19:57]} {[%emt 00:00:37]}
48. Rxh5 {[%clk 00:12:38]} {[%emt 00:00:05]} b4 {[%clk 00:20:02]} {[%emt
00:00:25]} 49. Rh8 {[%clk 00:12:31]} {[%emt 00:00:36]} Kb5 {[%clk 00:20:00]}
{[%emt 00:00:33]} 50. g4 {[%clk 00:11:25]} {[%emt 00:01:36]} fxg4 {[%clk
00:20:01]} {[%emt 00:00:29]} 51. hxg4 {[%clk 00:11:48]} {[%emt 00:00:07]} b3
{[%clk 00:19:54]} {[%emt 00:00:36]} 52. g5 {[%clk 00:11:43]} {[%emt 00:00:36]}
Kc4 {[%clk 00:17:38]} {[%emt 00:02:46]} 53. g6 {[%clk 00:11:34]} {[%emt
00:00:38]} b2 {[%clk 00:17:23]} {[%emt 00:00:45]} 54. Rb8 {[%emt 00:01:14]} Rb5
{[%clk 00:17:26]} {[%emt 00:00:26]} 55. Rxb5 {[%clk 00:11:07]} {[%emt
00:00:15]} 1/2-1/2

[Event "DVM U14 2022"]
[Site "Kelheim GER"]
[Date "2022.12.29"]
[Round "6"]
[White "Sato, Kai"]
[Black "Yin, Vito"]
[Result "1/2-1/2"]
[Termination "normal"]
[Board "2.3"]
[WhiteElo "1432"]
[BlackElo "1441"]
[WhiteClock "00:24:06"]
[BlackClock "00:20:12"]
[WhiteTeam "USV TU Dresden"]
[BlackTeam "OSG Baden-Baden"]
[PlyCount "63"]
[WhiteFideId "34605630"]
[BlackFideId "34601759"]
[EventCountry "GER"]
[EventRounds "7"]
[EventType "team-swiss"]
[EventDate "2022.12.26"]

1. d4 {[%clk 01:30:58]} {[%emt 00:00:01]} Nf6 {[%clk 01:30:05]} {[%emt
00:00:56]} 2. c4 {[%clk 01:31:14]} {[%emt 00:00:13]} c6 {[%clk 01:28:21]}
{[%emt 00:02:14]} 3. Nf3 {[%clk 01:30:42]} {[%emt 00:01:01]} d5 {[%clk
01:28:32]} {[%emt 00:00:20]} 4. Bf4 {[%clk 01:28:40]} {[%emt 00:02:31]} g6
{[%clk 01:27:16]} {[%emt 00:01:47]} 5. e3 {[%clk 01:27:29]} {[%emt 00:01:41]}
Bg7 {[%clk 01:26:21]} {[%emt 00:01:25]} 6. Nc3 {[%clk 01:24:40]} {[%emt
00:03:19]} O-O {[%clk 01:20:25]} {[%emt 00:06:25]} 7. Bd3 {[%clk 01:21:15]}
{[%emt 00:03:55]} dxc4 {[%clk 01:18:14]} {[%emt 00:02:42]} 8. Bxc4 {[%clk
01:21:33]} {[%emt 00:00:12]} Nbd7 {[%clk 01:16:58]} {[%emt 00:01:45]} 9. O-O
{[%clk 01:18:40]} {[%emt 00:03:23]} Nb6 {[%clk 01:15:26]} {[%emt 00:02:03]} 10.
Bb3 {[%clk 01:15:40]} {[%emt 00:03:30]} Nfd5 {[%clk 01:12:40]} {[%emt
00:03:15]} 11. Nxd5 {[%clk 01:12:44]} {[%emt 00:03:27]} Nxd5 {[%clk 01:12:58]}
{[%emt 00:00:13]} 12. Bg3 {[%clk 01:10:18]} {[%emt 00:02:56]} b6 {[%clk
01:10:04]} {[%emt 00:03:24]} 13. Rc1 {[%clk 01:06:49]} {[%emt 00:03:59]} Bb7
{[%clk 01:05:10]} {[%emt 00:05:24]} 14. Ne5 {[%clk 01:04:36]} {[%emt 00:02:42]}
Rc8 {[%clk 01:03:39]} {[%emt 00:02:01]} 15. Re1 {[%clk 00:59:16]} {[%emt
00:05:50]} Qe8 {[%clk 00:49:34]} {[%emt 00:14:36]} 16. e4 {[%clk 00:47:47]}
{[%emt 00:11:59]} Nf6 {[%clk 00:48:20]} {[%emt 00:01:44]} 17. Qf3 {[%clk
00:42:55]} {[%emt 00:05:21]} Nd7 {[%clk 00:42:18]} {[%emt 00:06:33]} 18. Nxd7
{[%clk 00:37:47]} {[%emt 00:05:38]} Qxd7 {[%clk 00:42:34]} {[%emt 00:00:13]}
19. Rcd1 {[%clk 00:37:25]} {[%emt 00:00:53]} e6 {[%clk 00:40:01]} {[%emt
00:03:03]} 20. e5 {[%clk 00:36:20]} {[%emt 00:01:34]} Qe7 {[%clk 00:37:40]}
{[%emt 00:02:51]} 21. Qe3 {[%clk 00:35:36]} {[%emt 00:01:15]} Rfd8 {[%clk
00:35:31]} {[%emt 00:02:38]} 22. Bf4 {[%clk 00:34:53]} {[%emt 00:01:13]} Qf8
{[%clk 00:34:09]} {[%emt 00:01:52]} 23. Bg5 {[%clk 00:33:34]} {[%emt 00:01:49]}
Rd7 {[%clk 00:34:20]} {[%emt 00:00:19]} 24. Bf6 {[%clk 00:32:24]} {[%emt
00:01:41]} Bxf6 {[%clk 00:33:00]} {[%emt 00:01:50]} 25. exf6 {[%clk 00:32:48]}
{[%emt 00:00:06]} h6 {[%clk 00:31:03]} {[%emt 00:02:27]} 26. f4 {[%clk
00:29:21]} {[%emt 00:03:57]} Rcd8 {[%clk 00:28:24]} {[%emt 00:03:08]} 27. g4
{[%clk 00:26:55]} {[%emt 00:02:56]} Kh7 {[%clk 00:25:05]} {[%emt 00:03:50]} 28.
f5 {[%clk 00:26:23]} {[%emt 00:01:02]} exf5 {[%clk 00:24:11]} {[%emt 00:01:23]}
29. gxf5 {[%clk 00:26:08]} {[%emt 00:00:45]} gxf5 {[%clk 00:20:52]} {[%emt
00:03:49]} 30. Bc2 {[%clk 00:26:07]} {[%emt 00:00:30]} Qg8 {[%clk 00:20:13]}
{[%emt 00:01:10]} 31. Kf2 {[%clk 00:25:07]} {[%emt 00:01:30]} Qg6 {[%clk
00:20:12]} {[%emt 00:00:31]} 32. Qf4 {[%clk 00:24:06]} {[%emt 00:01:32]}
1/2-1/2

[Event "DVM U14 2022"]
[Site "Kelheim GER"]
[Date "2022.12.29"]
[Round "6"]
[White "Büttner, Anton"]
[Black "Eichner, Tim"]
[Result "0-1"]
[Termination "normal"]
[Board "2.4"]
[WhiteElo "1299"]
[BlackElo "1551"]
[WhiteClock "00:38:08"]
[BlackClock "00:10:29"]
[WhiteTeam "OSG Baden-Baden"]
[BlackTeam "USV TU Dresden"]
[PlyCount "130"]
[WhiteFideId "16292081"]
[BlackFideId "34617213"]
[EventCountry "GER"]
[EventRounds "7"]
[EventType "team-swiss"]
[EventDate "2022.12.26"]

1. e4 {[%clk 01:30:58]} e5 {[%clk 01:30:57]} {[%emt 00:00:04]} 2. Bc4 {[%clk
01:31:11]} {[%emt 00:00:19]} Nc6 {[%clk 01:30:00]} {[%emt 00:01:26]} 3. Nc3
{[%clk 01:31:17]} {[%emt 00:00:23]} Nf6 {[%clk 01:29:10]} {[%emt 00:01:21]} 4.
d3 {[%clk 01:31:23]} {[%emt 00:00:24]} Bc5 {[%clk 01:28:47]} {[%emt 00:00:53]}
5. f4 {[%clk 01:31:30]} {[%emt 00:00:23]} d6 {[%clk 01:27:38]} {[%emt
00:01:40]} 6. f5 {[%clk 01:31:30]} {[%emt 00:00:29]} a6 {[%clk 01:19:18]}
{[%emt 00:08:50]} 7. a3 {[%clk 01:29:12]} {[%emt 00:02:49]} Ne7 {[%clk
01:13:22]} {[%emt 00:06:25]} 8. Nf3 {[%clk 01:28:03]} {[%emt 00:01:39]} d5
{[%clk 01:07:42]} {[%emt 00:06:10]} 9. Bb3 {[%clk 01:28:12]} {[%emt 00:00:21]}
dxe4 {[%clk 01:02:36]} {[%emt 00:05:36]} 10. dxe4 {[%clk 01:28:07]} {[%emt
00:00:35]} Qxd1 {[%clk 01:02:33]} {[%emt 00:00:33]} 11. Nxd1 {[%clk 01:28:28]}
{[%emt 00:00:09]} Nxe4 {[%clk 00:59:01]} {[%emt 00:04:02]} 12. Nxe5 {[%clk
01:28:40]} {[%emt 00:00:18]} f6 {[%clk 00:58:47]} {[%emt 00:00:44]} 13. Nd3
{[%clk 01:28:06]} {[%emt 00:01:04]} Bxf5 {[%clk 00:58:02]} {[%emt 00:01:16]}
14. Ne3 {[%clk 01:25:49]} {[%emt 00:02:46]} Bxe3 {[%clk 00:49:31]} {[%emt
00:09:00]} 15. Bxe3 {[%clk 01:25:43]} {[%emt 00:00:36]} O-O-O {[%clk 00:44:43]}
{[%emt 00:05:19]} 16. O-O-O {[%clk 01:24:09]} {[%emt 00:02:03]} Rhe8 {[%clk
00:39:41]} {[%emt 00:05:32]} 17. Nf4 {[%clk 01:21:38]} {[%emt 00:03:02]} Nc6
{[%clk 00:35:23]} {[%emt 00:04:48]} 18. Rxd8 {[%clk 01:16:32]} {[%emt
00:05:36]} Rxd8 {[%clk 00:32:49]} {[%emt 00:03:04]} 19. Ne6 {[%clk 01:16:02]}
{[%emt 00:00:59]} Rd7 {[%clk 00:29:53]} {[%emt 00:03:26]} 20. Nf8 {[%clk
01:13:47]} {[%emt 00:02:46]} Re7 {[%clk 00:29:16]} {[%emt 00:01:07]} 21. Rf1
{[%clk 01:11:31]} {[%emt 00:02:45]} Bg4 {[%clk 00:23:32]} {[%emt 00:06:15]} 22.
Rf4 {[%clk 01:11:01]} {[%emt 00:01:00]} f5 {[%clk 00:19:23]} {[%emt 00:04:38]}
23. Be6 {[%clk 01:10:50]} {[%emt 00:00:41]} Kd8 {[%clk 00:15:29]} {[%emt
00:04:25]} 24. Bxf5 {[%clk 01:10:33]} {[%emt 00:00:48]} Bxf5 {[%clk 00:14:07]}
{[%emt 00:01:52]} 25. Rxf5 {[%clk 01:10:45]} {[%emt 00:00:18]} g6 {[%clk
00:12:20]} {[%emt 00:02:17]} 26. Rf1 {[%clk 01:10:54]} {[%emt 00:00:20]} Ke8
{[%clk 00:12:10]} {[%emt 00:00:40]} 27. Rf4 {[%clk 01:08:20]} {[%emt 00:03:04]}
g5 {[%clk 00:11:03]} {[%emt 00:01:37]} 28. Rf1 {[%clk 01:06:54]} {[%emt
00:01:55]} b6 {[%clk 00:09:04]} {[%emt 00:02:30]} 29. c3 {[%clk 01:05:00]}
{[%emt 00:02:24]} Nb8 {[%clk 00:08:20]} {[%emt 00:01:14]} 30. Kc2 {[%clk
01:03:44]} {[%emt 00:01:46]} Rf7 {[%clk 00:08:38]} {[%emt 00:00:11]} 31. Rxf7
{[%clk 01:03:41]} {[%emt 00:00:33]} Kxf7 {[%clk 00:08:51]} {[%emt 00:00:18]}
32. Nxh7 {[%clk 01:03:53]} {[%emt 00:00:19]} Kg6 {[%clk 00:09:07]} {[%emt
00:00:13]} 33. Nxg5 {[%clk 01:02:35]} {[%emt 00:01:48]} Nxg5 {[%clk 00:09:32]}
{[%emt 00:00:05]} 34. b4 {[%clk 01:02:41]} {[%emt 00:00:23]} Nc6 {[%clk
00:09:45]} {[%emt 00:00:18]} 35. c4 {[%clk 01:00:42]} {[%emt 00:02:30]} Kf5
{[%clk 00:09:41]} {[%emt 00:00:33]} 36. c5 {[%clk 01:00:13]} {[%emt 00:00:59]}
b5 {[%clk 00:10:03]} {[%emt 00:00:08]} 37. Bf2 {[%clk 00:58:00]} {[%emt
00:02:43]} Ne4 {[%clk 00:10:10]} {[%emt 00:00:23]} 38. Be1 {[%clk 00:56:34]}
{[%emt 00:01:56]} Ne5 {[%clk 00:09:54]} {[%emt 00:00:46]} 39. Kb3 {[%clk
00:55:46]} {[%emt 00:01:18]} Nc4 {[%clk 00:08:24]} {[%emt 00:02:00]} 40. h3
{[%clk 00:54:20]} {[%emt 00:01:55]} Ne3 {[%clk 00:07:50]} {[%emt 00:01:04]} 41.
g4 {[%clk 00:52:32]} {[%emt 00:02:18]} Kf4 {[%clk 00:07:18]} {[%emt 00:01:04]}
42. Bh4 {[%clk 00:51:32]} {[%emt 00:01:29]} Ng5 {[%clk 00:06:54]} {[%emt
00:00:54]} 43. a4 {[%clk 00:48:42]} {[%emt 00:03:20]} c6 {[%clk 00:07:12]}
{[%emt 00:00:12]} 44. axb5 {[%clk 00:47:00]} {[%emt 00:02:11]} axb5 {[%clk
00:07:40]} {[%emt 00:00:02]} 45. Kc3 {[%clk 00:45:28]} {[%emt 00:02:02]} Ng2
{[%clk 00:07:53]} {[%emt 00:00:18]} 46. Bxg5 {[%clk 00:43:54]} {[%emt
00:02:04]} Kxg5 {[%clk 00:08:20]} {[%emt 00:00:02]} 47. Kd4 {[%clk 00:44:06]}
{[%emt 00:00:19]} Nf4 {[%clk 00:08:12]} {[%emt 00:00:38]} 48. Ke4 {[%clk
00:33:59]} {[%emt 00:10:37]} Nd5 {[%clk 00:08:24]} {[%emt 00:00:17]} 49. Kf3
{[%clk 00:33:15]} {[%emt 00:01:15]} Nxb4 {[%clk 00:07:46]} {[%emt 00:01:09]}
50. h4 {[%clk 00:33:37]} {[%emt 00:00:08]} Kxh4 {[%clk 00:07:18]} {[%emt
00:00:57]} 51. Kf4 {[%clk 00:33:55]} {[%emt 00:00:12]} Nd5 {[%clk 00:07:40]}
{[%emt 00:00:08]} 52. Kf5 {[%clk 00:34:14]} {[%emt 00:00:11]} b4 {[%clk
00:07:08]} {[%emt 00:01:02]} 53. Ke4 {[%clk 00:34:20]} {[%emt 00:00:23]} Kxg4
{[%clk 00:07:10]} {[%emt 00:00:29]} 54. Kd3 {[%clk 00:34:20]} {[%emt 00:00:29]}
Kf3 {[%emt 00:00:26]} 55. Kc2 {[%clk 00:34:46]} {[%emt 00:00:03]} Ke3 {[%clk
00:07:38]} {[%emt 00:00:08]} 56. Kb1 {[%clk 00:34:58]} {[%emt 00:00:17]} Kd4
{[%clk 00:08:02]} {[%emt 00:00:06]} 57. Kb2 {[%clk 00:35:23]} {[%emt 00:00:05]}
Kxc5 {[%clk 00:08:28]} {[%emt 00:00:05]} 58. Kc1 {[%clk 00:35:50]} {[%emt
00:00:03]} Kd4 {[%clk 00:08:43]} {[%emt 00:00:15]} 59. Kd2 {[%clk 00:36:12]}
{[%emt 00:00:08]} b3 {[%clk 00:09:03]} {[%emt 00:00:10]} 60. Kc1 {[%clk
00:36:38]} {[%emt 00:00:04]} Kc3 {[%clk 00:09:19]} {[%emt 00:00:13]} 61. Kb1
{[%clk 00:36:32]} {[%emt 00:00:37]} b2 {[%clk 00:09:33]} {[%emt 00:00:16]} 62.
Ka2 {[%clk 00:36:54]} {[%emt 00:00:08]} Kc2 {[%clk 00:09:58]} {[%emt 00:00:04]}
63. Ka3 {[%clk 00:37:18]} {[%emt 00:00:07]} b1=Q {[%clk 00:10:23]} {[%emt
00:00:06]} 64. Ka4 {[%clk 00:37:45]} {[%emt 00:00:02]} Nb6 {[%clk 00:10:35]}
{[%emt 00:00:17]} 65. Ka5 {[%clk 00:38:08]} {[%emt 00:00:07]} Qb5# {[%clk
00:10:29]} {[%emt 00:00:06]} 0-1